01048nam0a22002531 4500001001100000005001700011021001900028035002600047100004100073101000800114102000700122105001800129200009800147210004800245215002600293225007500319320004500394608007900439700007200518701014500590801001800735801002200753852001900775rc\474505020250612165721.0 aRUb[67-33989] a(NLR Aleph) 008738843 a20130416d1967 |||y0rusy50 ca0 arus aRU aa z |||||1 aПостроение логических схем на пороговых элементах aКуйбышевcКн. изд-воd1967 a96 с.cчерт.d171 aВычислительная техника - производству aБиблиогр.: с. 95 (20 назв.) aЛогические схемыxПороговые элементы2psbo 1aСтепанянbА.А.gАлександр Арменакович 17ca8rusaАрхангельскийbС. В.cд-р техн. наукf- 2015gСергей Васильевич3RU\NLR\AUTH\770221777 0aRUbNLRgpsbo 1aRUbELAR2rusmarc aNLRj67-2/1363